ÖRÜMCEK AĞI (Record no. 1191499)

MARC details
000 -LEADER
sabit uzunluktaki kontrol alanı 00242nam a2200097Ia 4500
001 - KONTROL NUMARASI
kontrol alanı 1191499
005 - EN SON İŞLEMİN TARİH VE ZAMANI
kontrol alanı 20250827021636.0
008 - SABİT-UZUNLUKTA VERİ ÖĞELERİ--GENEL BİLGİ
sabit uzunluktaki kontrol alanı 250824s9999 xx 000 0 und d
245 #0 - ESER / YAZAR
ESER ADI ÖRÜMCEK AĞI
Yazar Adı AGATHA CHRISTIE
260 ## - YAYIN, DAĞITIM, VB.
YAYIN EVİ ALTIN YAYINCILIK
Holdings
Düşüm durumu Kayıp durumu Hasar Durumu Ödünç verilmez Ana kütüphane Geçerli Kütüphane Edinilen tarih Toplam ödünç verme sayısı Barkod İade tarihi Son görüntüleme tarihi Son ödünç verme tarihi Fiyatın geçerli olmaya başladığı tarih Koha materyal türü
        AHMET HAZIM ULUŞAHİN İMAM HATİP ORTAOKULU AHMET HAZIM ULUŞAHİN İMAM HATİP ORTAOKULU 24.08.2025 4 10995345 24.04.2026 09.04.2026 09.04.2026 27.08.2025 Books